000 00879nam a2200265Ia 4500
003 OSt
005 20220926003331.0
006 a|||||r|||| 00| 0
007 ta
008 220923b |||||||| |||| 00| 0 eng d
020 _a0195550978
_c4229.9099999999999
037 _b004/ 2012-13, 12/06/2012, PIONEER BOOK DISTRIBUTORS
_cGeneral Book
040 _aRTL
_cRTL
_beng
041 _2eng
_aeng
082 _aY, P6
100 _aBEILHARZ Peter
_9112284
245 0 _aSociology
_b Place, time and division
260 _a New Delhi
_bOxford University Press
_c2006
300 _axxiv, 480p.
_ccm.
500 _aAppendix: P.446-48; Glossary: P.449-68
650 _aSociology
700 _a HOGAN Trevor
_9307172
942 _hY, P6
_cGB
_2CC
999 _c607530
_d607530